00301nam a2200133Ia 45000030006000000080041000060400015000471000014000622450027000762600031001033000006001345460010001400050017001500STCL150530s9999 xx 000 0 und d aSTCLcSTCL aVallathol aSahitya Manjeri Part V bMangalodayam ; Thrissurc0 a0 aHindi20220125170721.0